[Event "Frankfurt Ch A 2019"]
[Site "Ffm-Höchst, BiKuZ"]
[Date "2019.05.20"]
[Round "4.36"]
[White "Rutsatz, Mario"]
[Black "Knödler, Marcel"]
[Result "1-0"]
[WhiteElo "1921"]
[BlackElo "1662"]
[PlyCount "72"]
[EventDate "2019.??.??"]
[WhiteTeam "SF Frankfurt"]
[BlackTeam "FC Bierstadt"]

1. g3 d5 2. Nf3 g6 3. d4 Bg7 4. Bg2 Nf6 5. O-O O-O 6. c4 e6 7. Nc3 c6 8. b3
Nbd7 9. Qc2 a6 10. a4 Re8 11. Bf4 h6 12. Rfd1 g5 13. Bd6 dxc4 14. bxc4 Nb6 15.
c5 Nbd5 16. Ne5 Nxc3 17. Qxc3 Nd5 18. Qf3 f6 19. Nc4 a5 20. e4 Nb4 21. e5 f5
22. Nb6 Ra6 23. Bf1 g4 24. Qb3 h5 25. Bxa6 Nxa6 26. f3 Kf7 27. fxg4 hxg4 28.
Rf1 Bh6 29. Rxf5+ Kg7 30. Rf6 Bg5 31. Raf1 Bxf6 32. Rxf6 Rh8 33. Qd3 Qe8 34.
Nxc8 Qh5 35. Qe2 Rxc8 36. Rf4 Nb4 1-0

[Event "Frankfurt Ch A 2019"]
[Site "Ffm-Höchst, BiKuZ"]
[Date "2019.05.20"]
[Round "4.37"]
[White "Stuhlmann, Florian"]
[Black "Brauch, Manfred"]
[Result "1-0"]
[WhiteElo "1875"]
[BlackElo "1659"]
[PlyCount "75"]
[EventDate "2019.??.??"]
[WhiteTeam "SC Lindenholzhausen"]
[BlackTeam "SG Pieroth"]

1. d4 c5 2. d5 d6 3. c4 e5 4. dxe6 fxe6 5. e3 Nf6 6. Bd3 Be7 7. Nc3 Nc6 8. Nge2
Ne5 9. Bb1 O-O 10. b3 Qe8 11. Ng3 a6 12. O-O Bd7 13. Nce4 Rd8 14. Nxd6 Bxd6 15.
Qxd6 Ng6 16. Qxc5 Bc6 17. e4 Ng4 18. f3 N4e5 19. Bb2 Nd3 20. Bxd3 Rxd3 21. Rfd1
Qd7 22. Rxd3 Qxd3 23. Qd4 Qxd4+ 24. Bxd4 Rd8 25. Bc3 Kf7 26. Kf2 Nf4 27. Ba5
Rd7 28. Ne2 Nd3+ 29. Ke3 Ne5 30. Nd4 g5 31. Nxc6 Nxc6 32. Bc3 e5 33. h4 Nd4 34.
Bxd4 exd4+ 35. Kd3 Kf6 36. hxg5+ Kxg5 37. g3 h5 38. Rh1 1-0

[Event "Frankfurt Ch A 2019"]
[Site "Ffm-Höchst, BiKuZ"]
[Date "2019.05.20"]
[Round "4.38"]
[White "Fernandez Egea, Andres"]
[Black "Winter, Olaf"]
[Result "1/2-1/2"]
[WhiteElo "1829"]
[BlackElo "1656"]
[PlyCount "63"]
[EventDate "2019.??.??"]
[WhiteTeam "SF Frankfurt"]
[BlackTeam "SK Bad Homburg"]

1. f4 e6 2. Nf3 g6 3. e4 Bg7 4. Bc4 Ne7 5. Nc3 a6 6. a4 b6 7. d4 d5 8. Bd3 Bb7
9. e5 c5 10. b3 Qc7 11. Qd2 Nd7 12. Ba3 Rc8 13. O-O O-O 14. Ne2 Rfe8 15. c4
cxd4 16. Bd6 Qd8 17. Nexd4 Nc5 18. Bc2 dxc4 19. bxc4 Be4 20. Rfb1 Bxc2 21. Qxc2
Nb7 22. Bxe7 Rxe7 23. Qb3 Rd7 24. Qxb6 Qxb6 25. Rxb6 Rxc4 26. Ne2 Bf8 27. Rxa6
Bc5+ 28. Kf1 Be3 29. g3 Nc5 30. Rd6 Ra7 31. Rd3 Nxd3 32. Ra3 1/2-1/2

[Event "Frankfurt Ch A 2019"]
[Site "Ffm-Höchst, BiKuZ"]
[Date "2019.05.20"]
[Round "4.39"]
[White "Klamser, Dietmar"]
[Black "Trierweiler, Joachim"]
[Result "1/2-1/2"]
[WhiteElo "1638"]
[BlackElo "1805"]
[PlyCount "118"]
[EventDate "2019.??.??"]
[WhiteTeam "SC Groß-Umstadt"]
[BlackTeam "Vorw.Orient Mainz"]

1. e4 c5 2. Nf3 d6 3. d4 cxd4 4. Nxd4 Nf6 5. Nc3 g6 6. Be3 a6 7. Be2 Bg7 8. Qd2
Ng4 9. Bxg4 Bxg4 10. f3 Bd7 11. O-O-O Nc6 12. Nxc6 bxc6 13. Bd4 f6 14. g4 c5
15. Be3 Rb8 16. Bh6 Qb6 17. b3 Bxh6 18. Qxh6 Kf7 19. Qe3 Be6 20. h4 c4 21. Qxb6
Rxb6 22. Nd5 Bxd5 23. Rxd5 cxb3 24. axb3 Rc8 25. Kd2 Rbc6 26. Rc1 Rc3 27. Rd3
R3c5 28. b4 Rc4 29. c3 R4c6 30. Ra1 f5 31. gxf5 gxf5 32. Re1 e5 33. h5 Kf6 34.
Rde3 Kg5 35. Rh1 f4 36. Rd3 Rb6 37. Rd5 Rc7 38. Rh3 Rbc6 39. Rd3 Kh6 40. Kc2
Rg7 41. Rh2 Rg5 42. Rhd2 Kxh5 43. Rxd6 Rxd6 44. Rxd6 Rg6 45. Rd5 Re6 46. c4 Kg6
47. c5 Kf6 48. Kc3 h5 49. Kc4 h4 50. b5 axb5+ 51. Kxb5 h3 52. Rd2 Kg5 53. c6
Re8 54. c7 Rc8 55. Kb6 Kh4 56. Rd8 Rxc7 57. Kxc7 Kg3 58. Rh8 Kxf3 59. Rxh3+
Kxe4 1/2-1/2

[Event "Frankfurt Ch A 2019"]
[Site "Ffm-Höchst, BiKuZ"]
[Date "2019.05.20"]
[Round "4.40"]
[White "Stuhlmann, Felix"]
[Black "Stricker, Konstantin"]
[Result "1-0"]
[WhiteElo "1794"]
[BlackElo "1589"]
[PlyCount "81"]
[EventDate "2019.??.??"]
[WhiteTeam "SC Lindenholzhausen"]
[BlackTeam "SC Eschbach"]

1. e4 d5 2. exd5 Qxd5 3. d4 Nc6 4. Be3 e5 5. Nc3 Bb4 6. a3 Bxc3+ 7. bxc3 Bf5 8.
Nf3 Bg4 9. Be2 e4 10. Nd2 Bxe2 11. Qxe2 Nf6 12. O-O O-O 13. Rfd1 Qf5 14. Nf1
Nd5 15. Ng3 Qg6 16. Bd2 Rfe8 17. Rab1 Rab8 18. Rb5 Nce7 19. Qxe4 Qc6 20. Qd3 a6
21. Rb3 Ng6 22. Qf3 Nh4 23. Qh5 Nxg2 24. c4 Ndf4 25. Qf3 Qxf3 26. Rxf3 g5 27.
Nh5 Nxh5 28. Kxg2 f6 29. Kf1 Re4 30. c3 Rbe8 31. Re3 Kg7 32. c5 Kf7 33. Rb1
Rxe3 34. Bxe3 Rb8 35. d5 Ke7 36. Ke2 Ng7 37. a4 Nf5 38. a5 Kd8 39. c6 Kc8 40.
Ba7 Ra8 41. cxb7+ 1-0

[Event "Frankfurt Ch A 2019"]
[Site "Ffm-Höchst, BiKuZ"]
[Date "2019.05.20"]
[Round "4.41"]
[White "Lopez Fuertes, Victor"]
[Black "Menning, Uwe"]
[Result "0-1"]
[WhiteElo "1548"]
[BlackElo "1779"]
[PlyCount "162"]
[EventDate "2019.??.??"]
[WhiteTeam "SC Höchst"]
[BlackTeam "FC Bierstadt"]

1. e4 c6 2. d4 d5 3. exd5 cxd5 4. Bd3 Nc6 5. c3 Nf6 6. Bf4 Bg4 7. Qb3 Qc8 8.
Nd2 e6 9. Ngf3 Be7 10. O-O Bxf3 11. Nxf3 O-O 12. h3 Rd8 13. Rfe1 h6 14. a4 Bd6
15. Bxd6 Rxd6 16. Rac1 b6 17. Qc2 Na5 18. Qe2 Rc6 19. Ba6 Qd8 20. Ne5 Rc7 21.
Rcd1 Nb7 22. Ng4 Nxg4 23. Qxg4 Nd6 24. Bd3 a6 25. Qe2 Rca7 26. f4 Qd7 27. Bc2
b5 28. Ra1 b4 29. cxb4 Qb7 30. Qd2 Rb8 31. b5 axb5 32. axb5 Rxa1 33. Rxa1 Qxb5
34. b3 Qb6 35. Qd3 g6 36. g4 Nb5 37. Rd1 Rc8 38. Kg2 Rc3 39. Qd2 Qc6 40. Bb1
Rxb3 41. Rc1 Rc3 42. Rxc3 Qxc3 43. Qxc3 Nxc3 44. Bd3 Na4 45. h4 Kg7 46. f5 gxf5
47. gxf5 Kf6 48. fxe6 fxe6 49. Kg3 Nb6 50. Kg4 Nc4 51. Kf4 Nd6 52. Bc2 Nb5 53.
Ke3 e5 54. dxe5+ Kxe5 55. Bd3 d4+ 56. Kf3 Nd6 57. Kg4 Nf7 58. Kh5 Kf6 59. Bc4
Ne5 60. Bb3 Kg7 61. Bd1 d3 62. Be2 d2 63. Bd1 Nc4 64. Ba4 Nb2 65. Bc2 d1=Q+ 66.
Bxd1 Nxd1 67. Kg4 Ne3+ 68. Kf4 Nd5+ 69. Kg4 Kg6 70. h5+ Kf6 71. Kh4 Kf5 72. Kh3
Kg5 73. Kg3 Kxh5 74. Kh3 Kg5 75. Kg3 h5 76. Kh3 h4 77. Kh2 Kg4 78. Kg2 h3+ 79.
Kh2 Ne3 80. Kh1 Kg3 81. Kg1 Ng4 0-1

[Event "Frankfurt Ch A 2019"]
[Site "Ffm-Höchst, BiKuZ"]
[Date "2019.05.20"]
[Round "4.42"]
[White "Kirchmann, Sascha"]
[Black "Henrich, Frederik"]
[Result "1/2-1/2"]
[WhiteElo "1766"]
[BlackElo "1561"]
[PlyCount "42"]
[EventDate "2019.??.??"]
[WhiteTeam "SC Obertshausen"]
[BlackTeam "Frankfurter TV"]

1. e4 e5 2. Nf3 Nc6 3. Bb5 a6 4. Ba4 Nf6 5. O-O Nxe4 6. d4 b5 7. Bb3 d5 8. dxe5
Be6 9. c3 Bc5 10. Nbd2 O-O 11. Qe2 Bf5 12. Nxe4 dxe4 13. Ng5 Nxe5 14. Nxe4 Bg4
15. Qc2 Bb6 16. Kh1 Nf3 17. Bf4 Qh4 18. Bg3 Qh5 19. Nd2 Nxd2 20. Qxd2 Rad8 21.
Qf4 Qf5 1/2-1/2

[Event "Frankfurt Ch A 2019"]
[Site "Ffm-Höchst, BiKuZ"]
[Date "2019.05.20"]
[Round "4.43"]
[White "Mayer, Andreas"]
[Black "Weiland, Thomas"]
[Result "1-0"]
[WhiteElo "1446"]
[BlackElo "1751"]
[PlyCount "65"]
[EventDate "2019.??.??"]
[WhiteTeam "SF Frankfurt"]
[BlackTeam "SV Oberursel"]

1. e4 e5 2. d4 exd4 3. Qxd4 Nc6 4. Qe3 d6 5. Nc3 Bd7 6. Bd2 Be7 7. Qg3 Bf6 8.
O-O-O Nge7 9. f4 Ng6 10. Nf3 O-O 11. h4 h5 12. Bc4 Qc8 13. Qxg6 Be6 14. Bxe6
Qxe6 15. Ng5 Bxg5 16. Qxe6 fxe6 17. hxg5 g6 18. Nb5 Rac8 19. Rh4 a6 20. Nc3 Rf7
21. Ne2 Rh7 22. Bc3 e5 23. g4 Rf8 24. f5 Ne7 25. f6 Nc6 26. gxh5 b5 27. Rdh1
Rxh5 28. Rxh5 gxh5 29. Rxh5 b4 30. Be1 a5 31. Bh4 Nd4 32. Nxd4 exd4 33. g6 1-0

[Event "Frankfurt Ch A 2019"]
[Site "Ffm-Höchst, BiKuZ"]
[Date "2019.05.20"]
[Round "4.44"]
[White "Bernhardt, Winfried"]
[Black "Kohlmeyer, Klaus"]
[Result "0-1"]
[WhiteElo "1419"]
[BlackElo "1743"]
[PlyCount "66"]
[EventDate "2019.??.??"]
[WhiteTeam "SV Nauheim"]
[BlackTeam "SF Braunfels"]

1. e4 c5 2. Nf3 e6 3. d4 cxd4 4. Nxd4 Nc6 5. Bc4 Qc7 6. O-O Nf6 7. Nc3 a6 8. a4
Bb4 9. Na2 Bd6 10. g3 O-O 11. Nxc6 bxc6 12. Qf3 Be5 13. c3 d5 14. exd5 exd5 15.
Bb3 Bg4 16. Qd3 Bh3 17. Re1 Ne4 18. Qe3 Bd6 19. Qf3 a5 20. Bf4 Bxf4 21. gxf4
Bf5 22. c4 Rab8 23. Re2 Qd7 24. Qe3 d4 25. Qd3 Nc5 26. Qg3 Rxb3 27. Qg5 h6 28.
Qe7 Qxe7 29. Rxe7 g6 30. Re2 Rfb8 31. Nc1 Rxb2 32. Rxb2 Rxb2 33. Kf1 d3 0-1

[Event "Frankfurt Ch A 2019"]
[Site "Ffm-Höchst, BiKuZ"]
[Date "2019.05.20"]
[Round "4.45"]
[White "Bittner, Peter"]
[Black "Both, Günter"]
[Result "1/2-1/2"]
[WhiteElo "1737"]
[BlackElo "1506"]
[PlyCount "121"]
[EventDate "2019.??.??"]
[WhiteTeam "SC Nied"]
[BlackTeam "SK Bischofsheim"]

1. e4 c5 2. Nf3 d6 3. d4 cxd4 4. Nxd4 Nf6 5. Nc3 a6 6. Be2 e5 7. Nf5 Bxf5 8.
exf5 h6 9. O-O Qc7 10. Be3 Nbd7 11. Bf3 Rc8 12. Rc1 Be7 13. Qd2 O-O 14. Kh1 Nc5
15. Nd5 Nxd5 16. Bxd5 Nd7 17. c4 Nf6 18. h3 Nxd5 19. Qxd5 Qc6 20. Qd2 Qe4 21.
Qc2 Qxc2 22. Rxc2 d5 23. Rfc1 d4 24. Bd2 d3 25. Rc3 e4 26. Rb3 b5 27. cxb5
Rxc1+ 28. Bxc1 Bg5 29. Rc3 d2 30. Bxd2 Bxd2 31. Rc2 e3 32. fxe3 Bxe3 33. bxa6
Ra8 34. Rc6 Rd8 35. g4 Rd1+ 36. Kg2 Rd7 37. b4 Ra7 38. Kf3 Bd2 39. b5 Ba5 40.
Ke4 Kf8 41. Rc8+ Ke7 42. Rb8 Kd7 43. Kd5 Kc7 44. Rg8 Bc3 45. Kc5 Kd7 46. Rf8
Ke7 47. Rc8 Kd7 48. Rc6 Ba5 49. a4 Rc7 50. Rxc7+ Kxc7 51. a7 Bb6+ 52. Kd5 Bxa7
53. a5 Be3 54. b6+ Kb7 55. Kd6 Bd2 56. Ke7 Bxa5 57. Kxf7 Bc3 58. h4 Bf6 59. g5
hxg5 60. hxg5 Bxg5 61. Kxg7 1/2-1/2

[Event "Frankfurt Ch A 2019"]
[Site "Ffm-Höchst, BiKuZ"]
[Date "2019.05.20"]
[Round "4.46"]
[White "Stulken, Dietmar"]
[Black "Rotermund, Verena"]
[Result "0-1"]
[WhiteElo "1267"]
[BlackElo "1695"]
[PlyCount "40"]
[EventDate "2019.??.??"]
[WhiteTeam "SF Frankfurt"]
[BlackTeam "Vorw.Orient Mainz"]

1. d4 Nf6 2. c4 d6 3. Nf3 g6 4. Nc3 Bg7 5. e3 O-O 6. Be2 c5 7. d5 e6 8. e4 e5
9. O-O Bg4 10. h3 Bd7 11. Bd3 Nh5 12. Qc2 a5 13. g4 Nf4 14. Bxf4 exf4 15. Ne2
h5 16. Nh2 hxg4 17. Nxg4 Bxg4 18. hxg4 f3 19. Nc3 Qh4 20. Be2 Qxg4+ 0-1

[Event "Frankfurt Ch A 2019"]
[Site "Ffm-Höchst, BiKuZ"]
[Date "2019.05.20"]
[Round "4.47"]
[White "Mühlbach, Christian"]
[Black "Fischer, Lutz"]
[Result "1/2-1/2"]
[WhiteElo "1689"]
[BlackElo "1557"]
[PlyCount "50"]
[EventDate "2019.??.??"]
[WhiteTeam "SK Langen"]
[BlackTeam "SF Frankfurt"]

1. Nf3 c5 2. b3 Nc6 3. Bb2 d5 4. e3 Nf6 5. Be2 e6 6. O-O Bd6 7. d4 cxd4 8. exd4
O-O 9. Nbd2 Bd7 10. Re1 Rc8 11. a3 Qc7 12. Bd3 Ne7 13. Rc1 Ng6 14. c4 Qb8 15.
Ne5 Bc6 16. c5 Bxe5 17. dxe5 Nd7 18. Qh5 f5 19. exf6 Nxf6 20. Qg5 Qf4 21. Nf3
Ne4 22. Qxf4 Nxf4 23. Bb1 Nh3+ 24. Kf1 Nhxf2 25. a4 Ng4 1/2-1/2

[Event "Frankfurt Ch A 2019"]
[Site "Ffm-Höchst, BiKuZ"]
[Date "2019.05.20"]
[Round "4.48"]
[White "Hitzer, Dieter"]
[Black "Arnold, Jan"]
[Result "1-0"]
[WhiteElo "1682"]
[BlackElo "1375"]
[PlyCount "43"]
[EventDate "2019.??.??"]
[WhiteTeam "Bad Vilbeler Sfr."]
[BlackTeam "SC Frankfurt-West"]

1. Nf3 Nf6 2. c4 c5 3. Nc3 Nc6 4. d4 cxd4 5. Nxd4 g6 6. e4 Bg7 7. Be3 d6 8. f3
O-O 9. Be2 Nd7 10. Nc2 Nc5 11. Qd2 Ne5 12. b4 Na6 13. Rc1 Be6 14. Nd5 Qd7 15.
O-O Rac8 16. Nd4 Bxd5 17. cxd5 Rxc1 18. Rxc1 Nc7 19. f4 e6 20. fxe5 dxe5 21.
dxe6 fxe6 22. Nb3 1-0

[Event "Frankfurt Ch A 2019"]
[Site "Ffm-Höchst, BiKuZ"]
[Date "2019.05.20"]
[Round "4.49"]
[White "Schellen, Sven"]
[Black "Schneider, Luca"]
[Result "1-0"]
[WhiteElo "1768"]
[BlackElo "1603"]
[PlyCount "71"]
[EventDate "2019.??.??"]
[WhiteTeam "SF Frankfurt"]
[BlackTeam "FC Bierstadt"]

1. d4 Nf6 2. c4 e6 3. g3 d5 4. Nf3 c6 5. Bg2 dxc4 6. O-O Be7 7. a4 Nbd7 8. Qc2
O-O 9. Qxc4 Nb6 10. Qc2 Nbd5 11. Nbd2 Bd7 12. Nc4 b5 13. Nce5 Rc8 14. e4 Nb4
15. Qe2 a5 16. Rd1 bxa4 17. Nxd7 Nxd7 18. Bf4 Nb6 19. Ne5 Bd6 20. Rac1 Qe7 21.
Qe3 c5 22. d5 exd5 23. exd5 Bxe5 24. Bxe5 Rfe8 25. f4 f6 26. Bh3 N4xd5 27. Qf3
Rcd8 28. Bc3 Nxc3 29. Qxc3 Rxd1+ 30. Rxd1 Qe3+ 31. Qxe3 Rxe3 32. Rd6 Rb3 33.
Be6+ Kf8 34. Bxb3 axb3 35. Rxb6 c4 36. Rc6 1-0

[Event "Frankfurt Ch A 2019"]
[Site "Ffm-Höchst, BiKuZ"]
[Date "2019.05.20"]
[Round "4.50"]
[White "Schlumbohm, Nils"]
[Black "Kautz, Thomas"]
[Result "1-0"]
[WhiteElo "1584"]
[BlackElo "1742"]
[PlyCount "39"]
[EventDate "2019.??.??"]
[WhiteTeam "Berkershm"]
[BlackTeam "SK Niederbrechen"]

1. d4 g6 2. c4 Bg7 3. Nc3 Nf6 4. e4 d6 5. f3 O-O 6. Nge2 Nbd7 7. Bg5 e5 8. d5
a5 9. Qd2 Nc5 10. h4 Qe8 11. g4 h5 12. Bxf6 Bxf6 13. gxh5 gxh5 14. Qh6 Bg7 15.
Qxh5 Nd3+ 16. Kd2 Nf4 17. Nxf4 exf4 18. Rg1 Qe7 19. Bd3 Qf6 20. e5 1-0

[Event "Frankfurt Ch A 2019"]
[Site "Ffm-Höchst, BiKuZ"]
[Date "2019.05.20"]
[Round "4.51"]
[White "Klikic, Drazen"]
[Black "Jakesevic, Ivan"]
[Result "0-1"]
[WhiteElo "1488"]
[BlackElo "1640"]
[PlyCount "81"]
[EventDate "2019.??.??"]
[WhiteTeam "SC Nied"]
[BlackTeam "FC Bierstadt"]

1. e4 d6 2. d4 Nf6 3. Nc3 g6 4. Be3 Bg7 5. Bd3 O-O 6. f3 Nbd7 7. Qd2 c5 8. Nge2
a6 9. a4 Qc7 10. h4 c4 11. Rc1 e5 12. Bh6 cxd3 13. cxd3 Qb6 14. h5 Bxh6 15.
Qxh6 Nxh5 16. Rxh5 gxh5 17. Qg5+ Kh8 18. Nd5 Qd8 19. Qxh5 Nf6 20. Qh6 Nxd5 21.
exd5 f6 22. dxe5 dxe5 23. Rc4 Bf5 24. Ng3 Bxd3 25. Nh5 Rf7 26. Rh4 Bg6 27. Ng3
Qxd5 28. Qxg6 Rg8 29. Rxh7+ Rxh7 30. Qxf6+ Rgg7 31. Nf5 Qf7 32. Qxe5 Rh5 33. g4
Rxf5 34. Qb8+ Rg8 35. Qh2+ Qh7 36. Qxh7+ Kxh7 37. gxf5 Rf8 38. Kf2 Rxf5 39. Ke3
Kg6 40. f4 Rf8 41. Kf3 0-1

[Event "Frankfurt Ch A 2019"]
[Site "Ffm-Höchst, BiKuZ"]
[Date "2019.05.20"]
[Round "4.52"]
[White "Leichum, Engelbert"]
[Black "Burkart, Lloyd Shang"]
[Result "1-0"]
[WhiteElo "1570"]
[BlackElo "1484"]
[PlyCount "89"]
[EventDate "2019.??.??"]
[WhiteTeam "vereinslos"]
[BlackTeam "TuS Makkabi"]

1. e4 c5 2. Nf3 e6 3. a3 d5 4. e5 Nc6 5. b4 cxb4 6. d4 bxa3 7. Bxa3 Qa5+ 8. c3
Bxa3 9. Rxa3 Qc7 10. Bd3 Nge7 11. Nbd2 O-O 12. Bxh7+ Kxh7 13. Ng5+ Kg8 14. Qh5
Rd8 15. Qxf7+ Kh8 16. Ndf3 Qd7 17. Qh5+ Kg8 18. Nh4 Qe8 19. Qh7+ Kf8 20. Ra2
Rd7 21. Re2 Nd8 22. Re3 Rc7 23. Rf3+ Nf7 24. Qh8+ Ng8 25. Rxf7+ Qxf7 26. Nxf7
Kxf7 27. Qh5+ Ke7 28. Qf3 Kd7 29. Qf7+ Ne7 30. Ng6 Kd8 31. Qf8+ Kd7 32. Qxe7+
Kc6 33. Qc5+ Kd7 34. Qd6+ Ke8 35. Qxc7 Bd7 36. Qxb7 Rc8 37. Qb4 Kd8 38. O-O Rc4
39. Qa5+ Ke8 40. h4 Rc8 41. Re1 Bc6 42. Re3 Kd7 43. Rf3 Rb8 44. Rf7+ Ke8 45.
Re7# 1-0

[Event "Frankfurt Ch A 2019"]
[Site "Ffm-Höchst, BiKuZ"]
[Date "2019.05.20"]
[Round "4.53"]
[White "Arnold, Aaron"]
[Black "John, Volkmar"]
[Result "1/2-1/2"]
[WhiteElo "1424"]
[BlackElo "1646"]
[PlyCount "70"]
[EventDate "2019.??.??"]
[WhiteTeam "SC Frankfurt-West"]
[BlackTeam "SC Herborn"]

1. e4 c5 2. b3 d6 3. Bb2 e5 4. Nf3 g6 5. Nc3 Bg7 6. Bb5+ Nc6 7. Bxc6+ bxc6 8.
h3 Nf6 9. O-O O-O 10. d3 h6 11. Nd2 Be6 12. Ne2 Nh5 13. f4 exf4 14. Bxg7 Kxg7
15. Nxf4 Nxf4 16. Rxf4 Qg5 17. Rf3 Rae8 18. Qc1 Qe5 19. Rb1 d5 20. Qa3 Qc3 21.
Qb2 Qxb2 22. Rxb2 f5 23. c4 fxe4 24. Rxf8 Rxf8 25. cxd5 cxd5 26. dxe4 Kf6 27.
Rc2 Rc8 28. exd5 Bxd5 29. Nf1 Ke5 30. Ne3 Be6 31. Nc4+ Bxc4 32. Rxc4 Kd5 33.
Ra4 Rc7 34. Ra6 Rg7 35. Ra4 Kc6 1/2-1/2

[Event "Frankfurt Ch A 2019"]
[Site "Ffm-Höchst, BiKuZ"]
[Date "2019.05.20"]
[Round "4.54"]
[White "Odabasi, Siddik"]
[Black "Popp, Matthias"]
[Result "1/2-1/2"]
[WhiteElo "1423"]
[BlackElo "1564"]
[PlyCount "35"]
[EventDate "2019.??.??"]
[WhiteTeam "Frankfurter TV"]
[BlackTeam "SC Bergen-Enkheim"]

1. e4 c5 2. c3 Nc6 3. d4 cxd4 4. cxd4 e6 5. Nf3 Bb4+ 6. Nc3 Nf6 7. e5 Ne4 8.
Qd3 d5 9. a3 Ba5 10. b4 Bb6 11. b5 Nxc3 12. bxc6 bxc6 13. Qc2 Bb7 14. Bd3 h6
15. Bb2 Nb5 16. O-O O-O 17. a4 Nxd4 18. Bxd4 1/2-1/2

[Event "Frankfurt Ch A 2019"]
[Site "Ffm-Höchst, BiKuZ"]
[Date "2019.05.20"]
[Round "4.56"]
[White "Hedrich, Gerd"]
[Black "Mayer, Rolf"]
[Result "0-1"]
[WhiteElo "1317"]
[BlackElo "1437"]
[PlyCount "112"]
[EventDate "2019.??.??"]
[WhiteTeam "Wiesbadener SV"]
[BlackTeam "SC Flörsheim"]

1. Nf3 c5 2. e4 d6 3. Bb5+ Bd7 4. Bxd7+ Nxd7 5. Nc3 e6 6. O-O Ne7 7. Re1 Ng6 8.
d3 Be7 9. b3 O-O 10. g3 Bf6 11. Bb2 a6 12. Qc1 b5 13. Ne2 Nde5 14. Nxe5 Bxe5
15. Bxe5 Nxe5 16. Kg2 f5 17. Nf4 Rf6 18. h4 Rh6 19. exf5 exf5 20. Nh3 Ra7 21.
Qf4 Qa8+ 22. f3 Rf7 23. Ng5 Rff6 24. Kh3 Rhg6 25. Kg2 h6 26. Nh3 Rg4 27. Qe3 f4
28. Nxf4 Rfxf4 29. Rf1 Rf6 30. Kh3 Rd4 31. f4 Qc8+ 32. Kg2 Ng4 33. Qe2 Qe6 34.
Rae1 Qxe2+ 35. Rxe2 Rf8 36. Rf3 c4 37. Re4 Rxe4 38. dxe4 Re8 39. bxc4 bxc4 40.
h5 Rxe4 41. Kh3 Nf6 42. g4 Re2 43. Rc3 d5 44. Ra3 Rxc2 45. Rxa6 c3 46. g5 hxg5
47. fxg5 Nh7 48. g6 Nf8 49. Ra4 Rd2 50. h6 gxh6 51. Rg4 Ne6 52. Rg1 Rxa2 53.
Kg4 c2 54. Kf5 Nd4+ 55. Kg4 Ra6 56. Kh5 Kg7 0-1

[Event "Frankfurt Ch B 2019"]
[Site "Ffm-Höchst, BiKuZ"]
[Date "2019.05.20"]
[Round "4.1"]
[White "Al-Butmeh, Firas"]
[Black "Kiel, Gerhard"]
[Result "1/2-1/2"]
[WhiteElo "1362"]
[BlackElo "1459"]
[PlyCount "61"]
[EventDate "2019.??.??"]
[WhiteTeam "SV Lahn Limburg"]
[BlackTeam "Berkershm"]

1. e4 g6 2. d4 Bg7 3. Nc3 d6 4. Be2 a6 5. f4 Nd7 6. Be3 c5 7. Bf3 e6 8. Qd2 Ne7
9. Nge2 Qc7 10. h4 Nb6 11. b3 Bd7 12. h5 O-O-O 13. hxg6 hxg6 14. O-O-O c4 15.
d5 exd5 16. exd5 Kb8 17. Bd4 f6 18. g4 Rxh1 19. Rxh1 Rh8 20. Rxh8+ Bxh8 21. Qe3
Nbc8 22. Ng3 cxb3 23. axb3 Ng8 24. g5 Qd8 25. Nce4 Qe8 26. Qc3 Nge7 27. Nxf6
Bxf6 28. Bxf6 Nf5 29. Nxf5 Bxf5 30. Kb2 Qb5 31. Qd2 1/2-1/2

[Event "Frankfurt Ch B 2019"]
[Site "Ffm-Höchst, BiKuZ"]
[Date "2019.05.20"]
[Round "4.3"]
[White "Engelhardt, Michael"]
[Black "Bauer, Alfred"]
[Result "1-0"]
[WhiteElo "1467"]
[BlackElo "1298"]
[PlyCount "57"]
[EventDate "2019.??.??"]
[WhiteTeam "SV Nauheim"]
[BlackTeam "Freibauer Mörlenbach"]

1. d4 Nf6 2. c4 d5 3. Nc3 e6 4. Bg5 Be7 5. Nf3 Nbd7 6. Qc2 O-O 7. e4 dxe4 8.
Nxe4 Nxe4 9. Bxe7 Qxe7 10. Qxe4 Qb4+ 11. Nd2 Qxb2 12. Rd1 Qxa2 13. Bd3 Nf6 14.
Qe5 c6 15. O-O Qa3 16. Ne4 Qe7 17. f4 Re8 18. Rf3 Bd7 19. Rg3 Kf8 20. Qg5 g6
21. Nxf6 Kg7 22. Nh5+ Kh8 23. Qe5+ f6 24. Nxf6 Qg7 25. Rh3 h6 26. Rxh6+ Qxh6
27. Nxe8+ Kh7 28. Nf6+ Kg7 29. Ng4+ 1-0

[Event "Frankfurt Ch B 2019"]
[Site "Ffm-Höchst, BiKuZ"]
[Date "2019.05.20"]
[Round "4.4"]
[White "Goodwin, David"]
[Black "Dröser, Wolfgang"]
[Result "1/2-1/2"]
[WhiteElo "1434"]
[BlackElo "1276"]
[PlyCount "58"]
[EventDate "2019.??.??"]
[WhiteTeam "SV Kelsterbach"]
[BlackTeam "SC Sulzbach"]

1. Nf3 f5 2. g3 Nf6 3. Bg2 e6 4. d4 d6 5. Nc3 c6 6. O-O Be7 7. Re1 O-O 8. e4
fxe4 9. Nxe4 d5 10. Nxf6+ Bxf6 11. c3 Qe8 12. Bf4 Qf7 13. Qe2 Re8 14. Ne5 Qf8
15. Ng4 Bd8 16. Ne5 Nd7 17. Nxd7 Bxd7 18. Be5 Bf6 19. f4 Be7 20. Bh3 Qf7 21.
Rf1 g6 22. Qd3 Bf6 23. Rae1 Be7 24. Qf3 Rf8 25. Qe3 Rae8 26. Re2 Bf6 27. Bd6
Be7 28. Bxe6 Bxe6 29. Qxe6 Bxd6 1/2-1/2

[Event "Frankfurt Ch B 2019"]
[Site "Ffm-Höchst, BiKuZ"]
[Date "2019.05.20"]
[Round "4.5"]
[White "Pessotschinski, Lars"]
[Black "Bär, Christian"]
[Result "0-1"]
[WhiteElo "1213"]
[BlackElo "1423"]
[PlyCount "62"]
[EventDate "2019.??.??"]
[WhiteTeam "TuS Makkabi"]
[BlackTeam "SC Steinbach"]

1. e4 c5 2. Nc3 Nc6 3. f4 d6 4. Nf3 g6 5. Bc4 Bg7 6. O-O e6 7. Qe1 Nge7 8. d3
O-O 9. Qg3 Nd4 10. Nxd4 Bxd4+ 11. Kh1 Bg7 12. Bd2 a6 13. a4 Nc6 14. Rf2 Bd7 15.
Raf1 Nd4 16. Be3 b5 17. axb5 axb5 18. Bb3 Nxb3 19. cxb3 f5 20. e5 Qc7 21. d4
cxd4 22. Bxd4 dxe5 23. Bxe5 Bxe5 24. fxe5 b4 25. Ne2 Ra5 26. Qf4 Rb8 27. Rc1
Qa7 28. Rc4 Bb5 29. Rxb4 Bxe2 30. Rxb8+ Qxb8 31. Qc1 Qa7 0-1

[Event "Frankfurt Ch B 2019"]
[Site "Ffm-Höchst, BiKuZ"]
[Date "2019.05.20"]
[Round "4.6"]
[White "Özyar, Arin"]
[Black "Ketting, Douwe"]
[Result "0-1"]
[WhiteElo "1167"]
[BlackElo "1397"]
[PlyCount "36"]
[EventDate "2019.??.??"]
[WhiteTeam "SC Bad Soden"]
[BlackTeam "SC Somborn"]

1. e4 Nf6 2. Nc3 d6 3. d4 g6 4. Nf3 Bg7 5. Bc4 O-O 6. O-O Nxe4 7. Nxe4 d5 8.
Bxd5 Qxd5 9. Nc3 Qd7 10. Be3 b6 11. Qd2 Bb7 12. d5 Qf5 13. Nd4 Qd7 14. Nf3 e6
15. dxe6 Qxe6 16. Ng5 Qc6 17. Nf3 Nd7 18. Nd4 Qxg2# 0-1

[Event "Frankfurt Ch B 2019"]
[Site "Ffm-Höchst, BiKuZ"]
[Date "2019.05.20"]
[Round "4.7"]
[White "Le, Tung Lam"]
[Black "Sturm, Holger"]
[Result "1-0"]
[WhiteElo "1358"]
[BlackElo "1133"]
[PlyCount "65"]
[EventDate "2019.??.??"]
[WhiteTeam "Schach AG im FDG"]
[BlackTeam "Schierstein"]

1. e4 c6 2. d4 d5 3. Nc3 dxe4 4. Nxe4 Nd7 5. Bc4 Ngf6 6. Nf3 e6 7. Nc3 Bb4 8.
O-O O-O 9. Bf4 b5 10. Bd3 h6 11. Ne4 Nxe4 12. Bxe4 Bb7 13. Ne5 Nxe5 14. Bxe5 f6
15. Bf4 Qe7 16. Qf3 Rac8 17. a4 e5 18. dxe5 fxe5 19. Qb3+ Kh8 20. Be3 c5 21.
Bxb7 Qxb7 22. axb5 Rcd8 23. c3 Rd3 24. Qc2 Qxb5 25. cxb4 cxb4 26. Bxa7 Ra8 27.
Be3 Rxa1 28. Rxa1 b3 29. Qc8+ Kh7 30. Qf5+ g6 31. Ra7+ Rd7 32. Rxd7+ Qxd7 33.
Qxd7+ 1-0

[Event "Frankfurt Ch B 2019"]
[Site "Ffm-Höchst, BiKuZ"]
[Date "2019.05.20"]
[Round "4.8"]
[White "Grünzig, Matthias"]
[Black "Wöhl, Torsten"]
[Result "0-1"]
[WhiteElo "1298"]
[BlackElo "1324"]
[PlyCount "62"]
[EventDate "2019.??.??"]
[WhiteTeam "Berkershm"]
[BlackTeam "SC Groß-Zimmern"]

1. e4 e6 2. Nf3 d5 3. exd5 exd5 4. d4 Nf6 5. Be2 Be7 6. O-O O-O 7. Bf4 c6 8. c3
Bg4 9. Ne5 Bxe2 10. Qxe2 Nbd7 11. Re1 Re8 12. Nxd7 Qxd7 13. Be3 Bd6 14. h3 Re6
15. Nd2 Rae8 16. Qf3 Ne4 17. Nxe4 dxe4 18. Qg4 Qc7 19. h4 Rg6 20. Qh3 h5 21.
Kh1 Rg4 22. Bg5 Re6 23. g3 Be7 24. Bxe7 Qxe7 25. Kg2 f5 26. Re3 f4 27. Ree1 e3
28. Kf3 exf2 29. Kxf2 fxg3+ 30. Kf1 Qf6+ 31. Kg1 Qf2+ 0-1